000 04543cam a2200493 i 4500
999 _c4668
_d4668
001 ocn939550366
003 OCoLC
005 20181003133635.0
008 160603s2016 enk b 000 0 eng
010 _a 2016295938
020 _a9781780683218
020 _a1780683219
029 1 _aNLGGC
_b401046427
029 1 _aDEBSZ
_b461212714
029 1 _aAU@
_b000057583063
035 _a(OCoLC)939550366
040 _aDLC
_beng
_erda
_cDLC
_dNLGGC
_dFIE
_dGUL
041 1 _aeng
_hspa
042 _apcc
043 _an------
_as------
049 _aTZAA
050 0 0 _aKDZ574
_b.M43 2016
082 0 4 _a341.48
_223
100 1 _aMedina Quiroga, Cecilia,
_eauthor.
240 1 0 _aConvención americana.
_lEnglish
245 1 4 _aAmerican Convention on Human Rights :
_bcrucial rights and their theory and practice /
_cCecila Medina Quiroga.
250 _a2nd edition.
260 _aCambridge
_aAntwerp
_aPortland
_bIntersentia
_c2016
300 _axxv, 373 pages ;
_c24 cm
500 _aTranslation of: La Convención americana : teoría y jurisprudencia : vida, integridad personal, libertad personal, debido proceso y recurso judicial.
504 _aIncludes bibliographical references and index.
505 0 _aGeneral legal framework -- Right to life -- Right to humane treatment -- Right to personal liberty -- Right to due process -- Principle of legality, freedom from ex post facto laws and right to compensation for miscarriage of justice -- Right to judicial protection.
520 _a"The American Convention on Human Rights contains an in-depth analysis of and comment on crucial rights protected under the American Convention on Human Rights in the light of the decisions of the Inter-American Court of Human Rights. It shows the initially hesitant steps of the Inter-American Court in developing its position on five basic rights in the first years of its existence (1979-2003). Violations of the core rights - namely the right to life, the right to personal freedom, the right to personal integrity, the right to due process of law and the right to a judicial remedy - formed the majority of complaints before the Court at a time when many of the contracting States had either just left, or were still immersed in, a dictatorship and were only just attempting to introduce the idea of human rights in a democratic society into their own legal systems. This fully revised and updated second edition now also covers the Inter-American Court's steps towards maturity (2004-2014). Due to the political and social changes in the region, since 2003 the Court has had to examine and consider a greater variety of rights, such as freedom of speech, structural discrimination, and the lack of proper protection for women's human rights and for people with different sexual orientations. The human rights problems of indigenous peoples have also come to the Court's attention, because the lack of judicial protection of their rights leads to State responsibility by omission. In addition, systematic and gross violations of human rights continue to be a significant part of the Court's work, but their treatment has allowed the Court to develop better and more precise and effective responses. Taking into consideration the changes that have taken place, this book has given more attention to certain topics. A chapter on disappearances is now included. Developments in the way the Court understands its own functions, such as the idea of the State agents' conventionality control, are also discussed. In addition, a new introductory chapter provides a good overview of the social and political landscape of the region and a wider analysis of discrimination and equality. The American Convention on Human Rights is a scholarly yet practical book on a relatively new system for the protection of human rights. It is a useful tool for practitioners to support their work and for academics in their teaching of the inter-American System"--Unedited summary from book cover.
610 2 0 _aInter-American Court of Human Rights.
610 2 7 _aInter-American Court of Human Rights.
_2fast
650 0 _aHuman rights
_zAmerica.
650 0 _aCivil rights
_zAmerica.
650 7 _aCivil rights.
_2fast
650 7 _aHuman rights.
_2fast
651 7 _aAmerica.
_2fast
700 1 _aKrupa, Peter,
_etranslator.
775 0 8 _iRevision of
_aMedina Quiroga, Cecilia.
_sConvenci�on americana. English.
_tAmerican Convention on Human Rights.
_dCambridge, United Kingdom ; Antwerp : Intersentia, [2014]
_z9781780681016
942 _2lcc
_cBOOK